[Event "Festival Szmetan-Giardelli 2018"]
[Site "Buenos Aires"]
[Date "2018.12.11"]
[Round "8"]
[White "El Debs, Felipe de Cresce"]
[Black "Mareco, Sandro"]
[Result "1/2-1/2"]
[WhiteElo "2544"]
[BlackElo "2656"]
[Annotator "TA"]
[PlyCount "44"]
[EventDate "2018.12.04"]
[EventType "tourn"]
[EventCountry "ARG"]
[SourceTitle "playchess.com"]
[Source "ChessBase"]
[SourceQuality "1"]

{[%evp 11,44,18,13,3,14,10,24,25,19,12,31,8,37,32,40,39,39,37,47,44,57,14,23,31,50,47,46,28,39,27,23,0,0,0,0]} 1. e4 c5 2. Nf3 e6 3. b3 a6 4. Bb2 Nc6 5. c4 Nf6 6. e5 {B40: Sicilian: 2...e6, Unusual lines} Ng4 {LiveBook: 28 Games} 7. g3 (7. h3 Nh6 8. g4 d6 9. Bg2 dxe5 10. Nxe5 Nxe5 11. Bxe5 f6 12. Bb2 Nf7 13. d4 cxd4 14. Qxd4 {0-1 (32) Onischuk,V (2637)-Svidler,P (2765) Riadh 2017}) 7... Be7 8. Bh3 f5 $146 ({Predecessor:} 8... Nh6 9. O-O O-O 10. Nc3 f6 11. Ne4 fxe5 12. Nxe5 Nd4 13. Bxd4 cxd4 {½-½ (69) Reza,W (2283)-Tregubov,P (2575) Katowice 2017}) 9. exf6 $1 Bxf6 10. d4 Nh6 11. O-O O-O 12. Bc3 d5 {[#] Hoping for ...cxd4.} 13. Bg2 Nf7 14. dxc5 d4 15. Bb2 e5 16. Nfd2 Ng5 17. Ne4 Nxe4 18. Bxe4 Be7 19. Nd2 Bxc5 20. Qh5 g6 21. Bxg6 hxg6 22. Qxg6+ Kh8 {Accuracy: White = 68%, Black = 70%.} 1/2-1/2

[Event "Festival Szmetan-Giardelli 2018"]
[Site "Buenos Aires"]
[Date "2018.12.12"]
[Round "8"]
[White "Hoffman, Alejandro"]
[Black "Bachmann, Axel"]
[Result "1/2-1/2"]
[WhiteElo "2470"]
[BlackElo "2621"]
[Annotator "TA"]
[PlyCount "59"]
[EventDate "2018.12.04"]
[EventType "tourn"]
[EventCountry "ARG"]
[SourceTitle "playchess.com"]
[Source "ChessBase"]
[SourceQuality "1"]

{[%evp 26,59,35,36,60,40,55,49,79,7,54,64,60,41,40,43,44,40,42,39,37,10,60,18,65,0,29,0,76,13,84,88,97,117,101,0]} 1. d4 Nf6 2. Nf3 e6 3. c4 c5 4. d5 exd5 5. cxd5 d6 6. Nc3 g6 7. g3 Bg7 8. Bg2 O-O 9. O-O Na6 10. Nd2 Nc7 11. Nc4 Nfe8 12. a4 b6 13. Bd2 {A62: Modern Benoni: Fianchetto Variation without early ...Nbd7} Ba6 14. b3 {[%cal Bb2b3,Bb3c4][%mdl 32] LiveBook: 8 Games} Rb8 {[#]} 15. Qc2 $146 {White is slightly better.} ({Predecessor:} 15. Re1 f5 16. Ra2 Nf6 17. Qc1 Qd7 18. Bf4 Bxc4 19. bxc4 a6 20. Bh3 Qd8 {1-0 (33) Atalik,S (2568)-Moldovan,D (2442) Sovata 2003}) 15... Qd7 16. e4 Bd4 17. Kh1 (17. Bh6 $16) 17... Bxc4 18. bxc4 a6 19. Bh6 Ng7 20. Rab1 b5 21. axb5 axb5 22. Ne2 Bf6 23. f4 b4 24. Ng1 Bc3 25. Ne2 Bf6 26. Ng1 Bc3 27. Nf3 (27. Bh3 $16 Qe7 28. e5) 27... Rfe8 {[#]} (27... Ra8 $11 {remains equal.}) 28. Rb3 $1 $16 {White is better.} f6 29. Ng1 f5 {[#]} 30. g4 {Accuracy: White = 32%, Black = 45%.} (30. e5 $1 $16) 1/2-1/2

[Event "Festival Szmetan-Giardelli 2018"]
[Site "Buenos Aires"]
[Date "2018.12.12"]
[Round "8"]
[White "Slipak, Sergio"]
[Black "Pichot, Alan"]
[Result "0-1"]
[WhiteElo "2421"]
[BlackElo "2562"]
[Annotator "TA"]
[PlyCount "114"]
[EventDate "2018.12.04"]
[EventType "tourn"]
[EventCountry "ARG"]
[SourceTitle "playchess.com"]
[Source "ChessBase"]
[SourceQuality "1"]

{[%evp 14,114,33,0,56,6,9,15,11,6,13,5,16,0,0,-16,0,-2,-16,-13,-5,-2,12,0,4,-11,14,0,19,14,4,-25,10,-39,14,0,15,18,4,-18,-18,-18,-18,-18,-25,-17,-8,-8,-12,-19,-20,-29,0,0,0,0,0,0,0,0,0,-37,-20,-33,-8,-8,-8,-57,-60,-179,-182,-185,-182,-208,-177,-280,-280,-243,-243,-363,-360,-360,-348,-345,-330,-487,-310,-310,-310,-326,-302,-487,-473,-1721,-1435,-4133,-4133,-4129,-4129,-29980,-29981,-29984,-29985]} 1. d4 Nf6 2. Nf3 e6 3. e3 b6 4. Bd3 Bb7 5. O-O c5 6. c4 g6 7. Nc3 Bg7 8. Bc2 {LiveBook: 3 Games. E14: Queen's Indian: Classical Variation (4 e3)} (8. d5 exd5 9. cxd5 Nxd5 10. Nb5 O-O 11. Nd6 Bc6 12. e4 Nb4 13. Bc4 b5 14. Bxf7+ Rxf7 15. Nxf7 Kxf7 16. Qb3+ d5 17. a3 N4a6 18. Ng5+ Kg8 19. Qh3 Qe8 20. Qxh7+ Kf8 21. Bf4 {1-0 (21) Kovalenko,I (2700)-Almasi,Z (2689) Bastia 2015}) 8... Na6 $146 (8... cxd4 $11 9. exd4 O-O) ({Predecessor:} 8... O-O 9. d5 Ba6 10. Bd3 exd5 11. cxd5 Bxd3 12. Qxd3 d6 13. e4 a6 14. a4 Re8 15. Bf4 Nh5 {0-1 (63) Justo,D (2306)-Gharamian,T (2477) France 2006}) 9. d5 exd5 10. cxd5 {The position is equal.} Nb4 11. e4 Nxc2 12. Qxc2 O-O 13. Bf4 d6 14. Rad1 Qd7 15. Rfe1 Nh5 16. Bc1 Rfe8 17. a4 Rab8 18. Qb3 Bc8 19. Qa3 a6 20. b4 b5 21. axb5 axb5 22. Bd2 Qb7 23. Rb1 Ra8 ({Black should try} 23... c4 $15) 24. Qc1 $11 {Threatens to win with bxc5.} Bd7 25. bxc5 dxc5 26. Nxb5 Bxb5 27. Qxc5 Reb8 28. Nd4 Bxd4 $1 29. Qxd4 Qa7 30. Qxa7 Rxa7 31. Rb4 Rab7 32. g4 Ng7 (32... Nf6 {keeps more tension.} 33. g5 Nd7 34. Reb1 Rb6 35. f3 Kf8) 33. Reb1 {Hoping for Bf4.} Ba6 {...Rxb4 is the strong threat.} 34. Rxb7 Rxb7 35. Ra1 Bb5 36. Ra8+ Ne8 37. e5 Bd7 {aiming for ...Rb1+.} 38. f4 Kf8 39. h3 h5 40. f5 gxf5 41. gxh5 {[#]} (41. Bh6+ $1 $15 Kg8 42. gxf5) 41... Rb1+ $1 $19 42. Kf2 {[#]} Rb2 $1 {[%cal Rb2d2]} 43. Ke2 Rb5 44. Ra5 (44. e6 $142 fxe6 45. dxe6 Re5+ 46. Kf2 Rxe6 47. Bg5) 44... Rxa5 45. Bxa5 Kg7 46. Ke3 (46. Bd2 {only move.}) 46... Kh6 47. Bd8 Ng7 ({Less strong is} 47... Kxh5 48. Bb6 $19) 48. Kd4 Kxh5 49. Kc5 (49. Ke3 $142) 49... Ne8 50. Kd4 Kg6 51. Bh4 Bc8 52. Kc5 $2 (52. Be1 {was worth a try.}) 52... f4 53. Kc6 (53. Kd4 $142 Kf5 54. Be1) 53... Kf5 54. e6 fxe6 {[%cal Bf7e6,Be6e5,Be5e4][%mdl 32]} 55. d6 e5 56. d7 {[#]} Bxd7+ $1 57. Kxd7 e4 {Accuracy: White = 27%, Black = 54%.} 0-1

[Event "Festival Szmetan-Giardelli 2018"]
[Site "Buenos Aires"]
[Date "2018.12.13"]
[Round "9"]
[White "Mareco, Sandro"]
[Black "Slipak, Sergio"]
[Result "1-0"]
[WhiteElo "2656"]
[BlackElo "2421"]
[Annotator "TA"]
[PlyCount "123"]
[EventDate "2018.12.04"]
[EventType "tourn"]
[EventCountry "ARG"]
[SourceTitle "playchess.com"]
[Source "ChessBase"]
[SourceQuality "1"]

{[%evp 14,123,20,3,18,-26,39,6,8,-20,52,43,50,58,40,13,26,28,19,24,12,23,77,74,56,59,79,18,26,15,12,8,25,0,14,17,28,37,37,37,22,20,36,35,33,33,33,37,44,36,43,28,37,31,67,62,60,54,62,62,62,34,62,38,95,81,88,91,102,105,101,106,109,110,120,102,109,60,70,56,58,47,61,41,52,41,127,127,114,113,272,268,456,437,448,447,455,455,430,415,424,412,508,471,426,425,571,570,735,599,560,537]} 1. c4 e6 2. Nf3 d5 3. g3 Nf6 4. Bg2 Be7 5. O-O O-O 6. d4 dxc4 7. Qc2 c6 {E05: Open Catalan: 5 Nf3 Be7} (7... b6 8. Ne5 Qxd4 9. Bxa8 Qxe5 10. Bf3 Nd5 11. Qxc4 Ba6 12. Qa4 c5 13. Na3 Qc7 14. Rd1 Qc8 15. Bd2 {½-½ (27) Cheparinov,I (2711)-Bacrot,E (2677) Zagreb 2018}) 8. a4 {LiveBook: 8 Games} a5 9. Na3 $146 {[#]} ({Predecessor:} 9. Qxc4 Na6 10. Nc3 Nd5 11. e4 Ndb4 12. Rd1 Qe8 13. Bf4 Kh8 14. Rac1 Bd7 15. Qe2 f6 16. Nd2 c5 17. d5 e5 {1-0 (31) Urban,K (2490)-Arlandi,E (2470) Pula 1997}) 9... Na6 (9... b5 $1 $11 {[%mdl 512]}) 10. Nxc4 Nb4 11. Qb3 b6 ({Black should try} 11... b5 $11 12. Nce5 Ba6) 12. Nfe5 $14 Bb7 13. Rd1 Qc7 14. Bf4 Nfd5 15. Bd2 b5 16. Na3 bxa4 17. Qxa4 Nb6 (17... Ba6 $11) 18. Qb3 $16 c5 19. Nb5 Qb8 20. Bxb7 (20. e4 $1 $16) 20... Qxb7 $11 21. dxc5 Bxc5 22. Bxb4 axb4 23. Rac1 Rac8 24. Nd3 Nd5 25. Rxc5 Rxc5 26. Nxc5 Qxb5 {[%mdl 64] Double Attack} 27. Nd3 h6 28. Rc1 Ra8 29. Qc4 Qb6 30. Kg2 Rb8 31. Qe4 Qb5 32. Rc5 Qb7 33. Rc4 Qb5 34. Qd4 Rd8 {White must now prevent ...Ne3+!} 35. Qc5 Qb7 {( -> ...Nf4+)} 36. Qc6 Qb8 37. Qa6 Kh7 38. Kg1 (38. b3 {seems wilder.} h5 39. Qc6 g6 40. h3 Kg7 41. Qa6) 38... Rd6 (38... b3 $14) 39. Rc8 $16 Rxa6 40. Rxb8 {[%mdl 4096] Endgame KRN-KRN} Ra1+ 41. Kg2 Rd1 42. Nxb4 Nxb4 43. Rxb4 {KR-KR} g5 44. Kf3 Kg6 45. h4 f5 46. hxg5 hxg5 47. Ke3 Kf6 48. Rd4 Rb1 49. Rd2 e5 ({Black should play} 49... Rf1 $1 $14) 50. Kd3 $1 Rc1 51. Rc2 e4+ $2 (51... Rf1 $16 {might work better.}) 52. Kc3 $1 $18 Rf1 $2 {[#]} (52... Rd1 53. b4 e3 54. fxe3 Rg1) 53. e3 $1 Ke5 {[#]} 54. b4 $1 {[%cal Bb2b4,Bb4b5][%mdl 32]} Rb1 55. Kc4 Kd6 56. b5 Kc7 57. Rd2 Kb6 58. Rd6+ {White is clearly winning.} Kc7 59. Rf6 Rb2 60. Rxf5 Kb6 61. Rf6+ Kb7 62. Kd4 {Accuracy: White = 65%, Black = 37%.} 1-0

[Event "Festival Szmetan-Giardelli 2018"]
[Site "Buenos Aires"]
[Date "2018.12.12"]
[Round "9"]
[White "Granda Zuniga, Julio E"]
[Black "Hoffman, Alejandro"]
[Result "*"]
[WhiteElo "2650"]
[BlackElo "2470"]
[Annotator "TA RC"]
[PlyCount "32"]
[EventDate "2018.12.04"]
[EventType "tourn"]
[EventCountry "ARG"]
[SourceTitle "playchess.com"]
[Source "ChessBase"]
[SourceQuality "1"]

{[%evp 9,9,-10]} 1. b3 Nf6 2. Bb2 g6 3. d4 Bg7 4. Nf3 O-O 5. g3 {Predecessor:} d6 $146 6. Bg2 c6 7. O-O a5 8. a4 Na6 9. Nc3 Bf5 10. Re1 Qc8 11. e4 Bh3 12. Bh1 Nb4 13. e5 Nfd5 14. Ne4 dxe5 15. dxe5 Rd8 16. Qe2 Bf5 {0-1 (55) Mohr,G (2473)-Rocha,S (2370) Katowice 2017} *

[Event "Festival Szmetan-Giardelli 2018"]
[Site "Buenos Aires"]
[Date "2018.12.13"]
[Round "9"]
[White "Granda Zuniga, Julio E"]
[Black "Hoffman, Alejandro"]
[Result "1-0"]
[WhiteElo "2650"]
[BlackElo "2470"]
[Annotator "TA"]
[PlyCount "73"]
[EventDate "2018.12.04"]
[EventType "tourn"]
[EventCountry "ARG"]
[SourceTitle "playchess.com"]
[Source "ChessBase"]
[SourceQuality "1"]

{[%evp 17,73,-4,-8,-20,-18,-16,7,-18,-10,-9,0,-2,-8,0,0,-35,0,-25,0,-6,-8,-45,-21,-37,-20,-19,-28,-14,18,11,14,0,0,0,41,0,0,0,152,138,132,115,116,98,112,112,288,275,258,257,425,436,442,406,426,407,1649,1238]} 1. b3 Nf6 2. Bb2 g6 3. d4 Bg7 4. Nf3 O-O 5. g3 c5 6. e3 {A48: 1 d4 Nf6 2 Nf3 g6: Torre, London and Colle Systems} cxd4 7. exd4 d5 8. Bg2 Nc6 9. O-O Bg4 {LiveBook: 4 Games} 10. Nc3 $146 ({Predecessor:} 10. h3 Bxf3 11. Bxf3 Ne4 12. c3 f5 13. Nd2 e5 14. dxe5 Bxe5 {0-1 (32) Meijers,V (2471)-Votava,J (2538) Germany 2011}) 10... Rc8 11. Ne2 Rc7 12. h3 Bxf3 13. Bxf3 Re8 14. Bg2 Ne4 15. c4 e6 16. Qc1 Nd6 17. c5 Nf5 {[%cal Rc6d4]} 18. Qd2 b6 19. Rfd1 Qb8 20. Rac1 Rec8 21. g4 Nfe7 22. Ba3 bxc5 23. Bxc5 Rd8 24. Rc3 Nc8 25. Rdc1 Qb7 26. a4 Nd6 27. Bxa7 Ne4 $2 {[#]} (27... Qxa7 $11 28. Rxc6 Rxc6 29. Rxc6 Bf8) 28. Bxe4 $1 $16 dxe4 29. Qe3 f5 30. Rc4 Rdd7 31. Qc3 {[%cal Rc4c6]} Qxa7 $2 {[#]} (31... Kf7 $16) 32. Rxc6 $18 Rxc6 33. Qxc6 Bxd4 $2 (33... Re7 {was worth a try.} 34. gxf5 gxf5) 34. Qxe6+ Kg7 35. Nxd4 Qxd4 36. g5 h6 (36... Rf7 $142 37. h4 Qd7 38. Qe5+ Kg8) 37. Rc6 {Accuracy: White = 69%, Black = 26%.} 1-0

[Event "Festival Szmetan-Giardelli 2018"]
[Site "Buenos Aires"]
[Date "2018.12.12"]
[Round "9"]
[White "Flores, Diego"]
[Black "Iturrizaga Bonelli, Eduardo"]
[Result "*"]
[WhiteElo "2631"]
[BlackElo "2628"]
[Annotator "TA"]
[PlyCount "34"]
[EventDate "2018.12.04"]
[EventType "tourn"]
[EventCountry "ARG"]
[SourceTitle "playchess.com"]
[Source "ChessBase"]
[SourceQuality "1"]

{[%evp 14,15,0,0]} 1. Nf3 c5 2. e3 Nf6 3. b3 g6 4. Bb2 Bg7 5. c4 O-O 6. Be2 b6 7. O-O Bb7 8. d4 {LiveBook: 112 Games} {Predecessor:} Na6 $146 9. Nc3 d5 10. Rc1 Rc8 11. Nb5 dxc4 12. Bxc4 cxd4 13. Nfxd4 Rc5 14. Qe2 Qb8 15. Nc3 Rh5 16. f4 Nc5 17. b4 e5 {0-1 (40) Laznicka,V (2654)-Rapport,R (2686) Germany 2018} *

[Event "Festival Szmetan-Giardelli 2018"]
[Site "Buenos Aires"]
[Date "2018.12.13"]
[Round "9"]
[White "Flores, Diego"]
[Black "Iturrizaga Bonelli, Eduardo"]
[Result "1/2-1/2"]
[WhiteElo "2631"]
[BlackElo "2628"]
[Annotator "TA"]
[PlyCount "73"]
[EventDate "2018.12.04"]
[EventType "tourn"]
[EventCountry "ARG"]
[SourceTitle "playchess.com"]
[Source "ChessBase"]
[SourceQuality "1"]

{[%evp 18,73,6,0,11,10,8,0,0,0,0,0,0,0,0,0,0,0,0,0,0,0,0,0,0,0,17,9,52,0,0,0,62,55,60,69,72,93,83,93,65,0,0,0,6,0,0,0,0,0,0,0,0,0,0,0,0,0]} 1. Nf3 c5 2. e3 Nf6 3. b3 g6 4. Bb2 Bg7 5. c4 O-O 6. Be2 b6 7. O-O Bb7 8. d4 cxd4 9. Nxd4 Nc6 10. Bf3 {LiveBook: 33 Games} d5 {A30: Symmetrical English: Double Fianchetto and Hedgehog} (10... Qc7 11. Nc3 Nxd4 12. Bxb7 Qxb7 13. Qxd4 Ne4 14. Qxe4 Qxe4 15. Nxe4 Bxb2 16. Rad1 d6 17. Rd5 a6 18. Rb1 {½-½ (36) Dragun,K (2621)-Sadzikowski,D (2563) Warsaw 2017}) 11. Nxc6 Bxc6 12. Na3 Rc8 13. Rc1 $146 ({Predecessor:} 13. cxd5 Nxd5 14. Bxg7 Kxg7 15. Rc1 Nb4 16. Qe1 Bxf3 17. Qxb4 Rxc1 18. Rxc1 {½-½ (31) Krymov,S-Chistiakov,A ICCF corr 2002}) 13... dxc4 14. Nxc4 Qxd1 15. Rfxd1 Bxf3 16. gxf3 Rfd8 17. a4 Nd7 18. Ba3 Kf8 19. Kg2 Ke8 20. f4 Rc6 21. Rc2 Rdc8 22. Rdc1 {Black must now prevent Nd6+!} Kd8 23. Rd2 (23. Bxe7+ $14 Kxe7 {[#]} 24. Nxb6 $1 {[%mdl 512]} Rxc2 25. Nxc8+ Rxc8 26. Rxc8) 23... Ke8 $11 24. Rdc2 (24. Rcd1 $11 Nc5 25. Bxc5 Rxc5 26. Rd7) 24... Kd8 $14 25. Bxe7+ $1 Kxe7 {[#]} 26. Nxb6 $1 {[%mdl 512]} Rxc2 (26... axb6 27. Rxc6) 27. Nxc8+ {[#]} Rxc8 $1 {[%mdl 512]} 28. Rxc8 {And now a5 would win.} a5 29. e4 ({White should try} 29. Rc4 $14) 29... Bd4 $11 {The position is equal.} 30. Kf3 Bc5 31. e5 Bb4 32. Rc7 Ke6 33. Rc6+ Ke7 34. Rc7 Ke6 35. Rc6+ Ke7 36. Rc7 Ke6 37. Rc6+ {Accuracy: White = 80%, Black = 81%.} 1/2-1/2

[Event "Festival Szmetan-Giardelli 2018"]
[Site "Buenos Aires"]
[Date "2018.12.12"]
[Round "9"]
[White "Bachmann, Axel"]
[Black "Perez Ponsa, Federico"]
[Result "*"]
[WhiteElo "2621"]
[BlackElo "2554"]
[Annotator "TA"]
[PlyCount "31"]
[EventDate "2018.12.04"]
[EventType "tourn"]
[EventCountry "ARG"]
[SourceTitle "playchess.com"]
[Source "ChessBase"]
[SourceQuality "1"]

{[%evp 9,10,11,8]} 1. e4 c5 2. Nc3 Nc6 3. g3 g6 4. Bg2 Bg7 5. d3 d6 {LiveBook: 4586 Games} {Predecessor:} 6. Be3 $146 e5 7. Qd2 Be6 8. Nge2 Nd4 9. O-O Ne7 10. Nd5 Nxd5 11. exd5 Bg4 12. Nxd4 cxd4 13. Bh6 O-O 14. Bxg7 Kxg7 15. c3 Qb6 16. Rae1 {0-1 (49) Andriasian,Z (2603)-Vachier Lagrave,M (2780) chess.com INT 2018} *

[Event "Festival Szmetan-Giardelli 2018"]
[Site "Buenos Aires"]
[Date "2018.12.13"]
[Round "9"]
[White "Bachmann, Axel"]
[Black "Perez Ponsa, Federico"]
[Result "1-0"]
[WhiteElo "2621"]
[BlackElo "2554"]
[Annotator "TA"]
[PlyCount "71"]
[EventDate "2018.12.04"]
[EventType "tourn"]
[EventCountry "ARG"]
[SourceTitle "playchess.com"]
[Source "ChessBase"]
[SourceQuality "1"]

{[%evp 23,71,-14,0,0,0,0,0,0,0,-5,0,0,34,0,0,-2,4,18,48,21,17,24,77,91,142,130,107,30,77,13,104,117,90,108,97,105,430,15,85,83,348,87,260,264,1044,1101,29970,29967,5413,5413]} 1. e4 c5 2. Nc3 Nc6 3. g3 g6 4. Bg2 Bg7 5. d3 d6 6. Be3 e5 7. Nge2 Nge7 8. O-O O-O 9. Qd2 Nd4 10. f4 Be6 11. Rf2 Qd7 12. Raf1 f6 {LiveBook: 3 Games} 13. Nd5 $146 {B26: Closed Sicilian: 3 g3, lines with early Be3} ({Predecessor:} 13. Nc1 Rac8 14. Nd1 b6 15. c3 Ndc6 16. c4 Nd4 17. Nc3 exf4 18. Bxf4 f5 19. Nd5 Nec6 20. Ne2 Nxe2+ 21. Rxe2 {½-½ (31) Hernandez Carmenates,H (2544)-Homa,S (2366) Chicago 2015}) 13... Nxd5 14. exd5 Nxe2+ 15. Rxe2 {The position is equal.} Bg4 {White must now prevent ...exf4.} 16. Ree1 exf4 17. Bxf4 Rae8 18. d4 (18. h3 $5 Rxe1 19. Rxe1 Bxh3 20. Bxh3 Qxh3 21. Qe2 $11) 18... g5 19. Be3 b6 20. dxc5 dxc5 21. b4 cxb4 22. Qxb4 Rc8 (22... Rf7 $11) 23. c4 $16 Bh3 (23... Rfe8 $142) 24. Bxh3 Qxh3 25. Bd4 (25. d6 $16) 25... Rf7 26. Re6 (26. d6 $16) 26... Rfc7 (26... Qg4 $1 $11 {keeps the balance.} 27. Qc3 Rfc7) 27. Rfe1 $1 $36 {[%mdl 2048] White has strong initiative.} ({Much weaker is} 27. Bxf6 Rxc4 28. Re8+ (28. Qe7 $2 Bf8 $19) 28... Rxe8 $11) 27... Qg4 28. R6e4 $1 {[%cal Re4g4]} Qd7 29. Bb2 Qf7 $2 {[%mdl 8192]} (29... Bf8 $16 {is more resistant.} 30. Qc3 Qf5) 30. Qa4 $2 (30. d6 $18 Bf8 31. Qd2 Rxc4 32. Rxc4 (32. d7 Rd8 $11) 32... Qxc4 33. Rc1 Qxc1+ 34. Bxc1 Bxd6 35. Qd5+ Kh8 36. Bb2 Bc5+ 37. Kf1) 30... Bf8 {[#]} (30... f5 $1 $11 31. Re8+ Bf8) 31. Qb3 $1 f5 $2 {[%mdl 8192] [#]} (31... Re7 $16) 32. Re5 $2 (32. Re6 $1 $18) 32... Rxc4 $2 (32... Bg7 $16) 33. Qd3 $18 Re4 $2 (33... Qf6 34. Rf1 Rc1) 34. R1xe4 fxe4 35. Rxg5+ Bg7 36. Qxe4 {Accuracy: White = 48%, Black = 10%.} 1-0

[Event "Festival Szmetan-Giardelli 2018"]
[Site "Buenos Aires"]
[Date "2018.12.13"]
[Round "9"]
[White "Pichot, Alan"]
[Black "Bacallao Alonso, Yusnel"]
[Result "1/2-1/2"]
[WhiteElo "2562"]
[BlackElo "2582"]
[Annotator "TA"]
[PlyCount "61"]
[EventDate "2018.12.04"]
[EventType "tourn"]
[EventCountry "ARG"]
[SourceTitle "playchess.com"]
[Source "ChessBase"]
[SourceQuality "1"]

{[%evp 25,61,52,54,43,34,22,17,11,15,11,8,14,11,0,4,-6,-4,-12,-13,-13,-5,-22,-28,-24,-32,-20,-22,-27,0,0,0,0,0,0,0,-1,-1,-2]} 1. e4 c6 2. d4 d5 3. e5 Bf5 4. Nf3 e6 5. Be2 c5 6. Be3 cxd4 7. Nxd4 Ne7 8. O-O Nbc6 9. Bb5 {B12: Caro-Kann: Advance Variation} a6 10. Bxc6+ Nxc6 11. Nxf5 exf5 12. f4 Qa5 13. Nd2 Bc5 {[#] LiveBook: 5 Games} 14. Bxc5 $146 ({Predecessor:} 14. Bf2 Rd8 15. Nb3 Bxf2+ 16. Rxf2 Qb6 {0-1 (49) Leko,P (2693)-Dreev,A (2652) Doha 2016}) 14... Qxc5+ 15. Kh1 O-O {[%cal Bh8f8,Bf8f6,Bf6e6][%mdl 32]} 16. Nb3 Qc4 17. Qd2 f6 18. exf6 Rxf6 19. Rad1 Rd8 20. Rf3 Re6 21. Rd3 Rde8 {...Re2 is the strong threat.} 22. Rc3 Qe2 {( -> ...Qe1+!)} 23. h3 {[#]} Qxd1+ $1 {[%mdl 576] Remove Defender} 24. Qxd1 Re1+ 25. Qxe1 $1 Rxe1+ $15 {[%mdl 4096] Endgame KRN-KRN} 26. Kh2 d4 27. Rd3 {The position is equal.} Rb1 28. Nxd4 Nxd4 29. Rxd4 {Black must now prevent Rd8+.} Rxb2 {[%mdl 64] [#] Double Attack} 30. Rd8+ Kf7 31. Rd7+ 1/2-1/2

[Event "Festival Szmetan-Giardelli 2018"]
[Site "Buenos Aires"]
[Date "2018.12.12"]
[Round "9"]
[White "Pichot, Alan"]
[Black "Bacallao Alonso, Yusnel"]
[Result "*"]
[WhiteElo "2562"]
[BlackElo "2582"]
[Annotator "TA"]
[PlyCount "32"]
[EventDate "2018.12.04"]
[EventType "tourn"]
[EventCountry "ARG"]
[SourceTitle "playchess.com"]
[Source "ChessBase"]
[SourceQuality "1"]

{[%evp 13,14,30,34]} 1. e4 c6 2. d4 d5 3. e5 Bf5 4. Nf3 e6 5. Be2 c5 6. Be3 cxd4 7. Nxd4 Ne7 {LiveBook: 506 Games} {Predecessor:} 8. O-O $146 Nbc6 9. Bb5 a6 10. Bxc6+ Nxc6 11. Nxf5 exf5 12. c3 Qd7 13. Re1 Be7 14. Nd2 O-O 15. Nf3 Qe6 16. Qb3 b5 {1-0 (40) Dominguez Perez,L (2739)-So,W (2780) Saint Louis 2018} *

[Event "Festival Szmetan-Giardelli 2018"]
[Site "Buenos Aires"]
[Date "2018.12.12"]
[Round "9"]
[White "Darcyl, Tomas"]
[Black "El Debs, Felipe de Cresce"]
[Result "1-0"]
[WhiteElo "2366"]
[BlackElo "2544"]
[Annotator "TA"]
[PlyCount "71"]
[EventDate "2018.12.04"]
[EventType "tourn"]
[EventCountry "ARG"]
[SourceTitle "playchess.com"]
[Source "ChessBase"]
[SourceQuality "1"]

{[%evp 9,70,1,-3,-11,-5,-9,-8,-8,-3,-8,1,-17,0,0,0,0,0,0,34,45,47,62,231,236,225,231,235,252,241,241,239,239,231,230,224,227,302,299,283,176,274,275,495,450,564,543,710,569,572,554,723,644,618,633,617,595,935,579,1366,1358,29998,29999,29999]} 1. c4 e5 2. e3 Nf6 3. Nc3 Bb4 4. Nge2 O-O 5. a3 Be7 {LiveBook: 70 Games} 6. e4 {A22: English Opening: 1...e5 2 Nc3 Nf6} (6. Nd5 c6 7. Nxe7+ Qxe7 8. d4 d5 9. cxd5 Nxd5 10. dxe5 Qxe5 11. Qd4 Nd7 12. e4 N5f6 13. f3 c5 {½-½ (73) Laznicka,V (2647)-Harikrishna,P (2744) Riadh 2017}) 6... c6 {[%cal Bc7c6,Bc6d5][%mdl 32]} 7. d4 exd4 $146 ({Predecessor:} 7... d6 8. f3 Nh5 9. Be3 Bg5 10. Qd2 Bxe3 11. Qxe3 a6 12. O-O-O Qe7 {1-0 (35) Sorensen,D (1949)-Ramme,C (2062) Copenhagen 2010}) 8. Nxd4 {The position is equal.} d5 9. cxd5 cxd5 10. e5 Ng4 11. e6 Nxf2 12. Kxf2 {Strongly threatening exf7+.} fxe6+ 13. Nf3 Bc5+ 14. Ke1 {[%cal Bf2e1,Be1d2,Bd2c2,Bc2b3][%mdl 32]} Nc6 15. Be2 Ne5 $2 {[#]} (15... Bd7 $14) 16. Nxe5 $18 Qh4+ 17. g3 Bf2+ 18. Kd2 Qg5+ 19. Kc2 Qxe5 20. Bf4 Qd4 21. Qxd4 Bxd4 22. Nb5 Bf6 23. Nc7 Rb8 24. Kb3 {aiming for Bd6.} Bd7 (24... e5 $142) 25. Bg4 g5 $2 (25... Rf7 {keeps fighting.}) 26. Bd6 Rf7 27. Bh5 Rg7 28. Rae1 Rc8 29. Rhf1 Bd4 30. Nxe6 Bxe6 31. Rxe6 Rd7 32. Be5 Bc5 33. Ref6 Re7 34. Bf7+ {[%mdl 64] [#] Double Attack} Kg7 35. Rg6+ {[%mdl 64] Double Attack} Kf8 36. Rg8# {Accuracy: White = 64%, Black = 37%.} 1-0